PHYSIOLOGY OF EXERCISE (Record no. 40439)

MARC details
000 -LEADER
fixed length control field 00381nam a2200157Ia 4500
008 - FIXED-LENGTH DATA ELEMENTS--GENERAL INFORMATION
fixed length control field 200305s9999 xx 000 0 und d
020 ## - INTERNATIONAL STANDARD BOOK NUMBER
International Standard Book Number 978-81-7216-603-8
082 ## - DEWEY DECIMAL CLASSIFICATION NUMBER
Classification number 796.02461276
082 ## - DEWEY DECIMAL CLASSIFICATION NUMBER
Item number VIP
041 ## - LANGUAGE CODE
Language code of text/sound track or separate title eng
100 ## - MAIN ENTRY--PERSONAL NAME
Personal name VIJAY SINGH
245 ## - TITLE STATEMENT
Title PHYSIOLOGY OF EXERCISE
260 ## - PUBLICATION, DISTRIBUTION, ETC.
Place of publication, distribution, etc. NEW DELHI
Name of publisher, distributor, etc. FRIENDS PUBLICATIONS
300 ## - PHYSICAL DESCRIPTION
Extent 281
650 ## - SUBJECT ADDED ENTRY--TOPICAL TERM
Topical term or geographic name entry element PHYSICAL EDUCATION
Holdings
Withdrawn status Lost status Damaged status Not for loan Home library Current library Date acquired Cost, normal purchase price Total Checkouts Total Renewals Full call number Barcode Date last seen Date last checked out Cost, replacement price Price effective from Koha item type Source of classification or shelving scheme Source of acquisition Coded location qualifier
        Chaudhary Ranbir Singh University Chaudhary Ranbir Singh University 05.03.2020 695.00 3 1 796.02461276 VIP 17508 05.04.2022 30.12.2021 695.00 05.03.2020 Books      
        Chaudhary Ranbir Singh University Chaudhary Ranbir Singh University 05.03.2020 695.00 2   796.02461276 VIP 17509 07.04.2025 07.03.2025 695.00 05.03.2020 Books      
        Chaudhary Ranbir Singh University Chaudhary Ranbir Singh University 05.03.2020 695.00 3   796.02461276 VIP 17510 01.04.2024 18.03.2024 695.00 05.03.2020 Books      
        Chaudhary Ranbir Singh University Chaudhary Ranbir Singh University 09.02.2022       796.02461276 SIP 22861 02.05.2022     02.05.2022 Books Dewey Decimal Classification Hitesh Book Distributors 695
        Chaudhary Ranbir Singh University Chaudhary Ranbir Singh University 09.02.2022       796.02461276 SIP 22862 02.05.2022     02.05.2022 Books Dewey Decimal Classification Hitesh Book Distributors 695
        Chaudhary Ranbir Singh University Chaudhary Ranbir Singh University 09.02.2022       796.02461276 SIP 22863 02.05.2022     02.05.2022 Books Dewey Decimal Classification Hitesh Book Distributors 695


Copyright © 2025 CRSU. All Rights Reserved.